Malta at the Eurovision Song Contest - Statistics

General Stats
  • This quiz has been taken 143 times
    3 since last reset
  • The average score is 29 of 38
Answer Stats
Year Song Artist % Correct
2026 Bella Aidan
100%
2015 Warrior Amber
100%
1998 The one that I love Chiara
100%
2005 Angel Chiara
100%
2009 What if we Chiara
100%
2018 Taboo Christabelle
100%
2000 Desire Claudette Pace
100%
2017 Breathlessly Claudia Faniello
100%
2021 Je me casse Destiny
100%
2001 Another summer night Fabrizio Faniello
100%
2006 I do Fabrizio Faniello
100%
2013 Tomorrow Gianluca
100%
2011 One life Glen Vella
100%
2002 Seventh wonder Ira Losco
100%
2016 Walk on water Ira Losco
100%
2012 This is the night Kurt Calleja
100%
2019 Chameleon Michela
100%
2025 Serving Miriana Conte
100%
2008 Vodka Morena
100%
2007 Vertigo Olivia Lewis
100%
2024 Loop Sarah Bonnici
100%
2010 My dream Thea Garrett
100%
2023 Dance (our own party) The Busker
100%
1994 More than love Chris & Moira
50%
1997 Let me fly Debbie Scerri
50%
2022 I am what I am Emma Muscat
50%
2014 Coming home Firelight
50%
2004 On again off again Julie & Ludwig
50%
2003 To dream again Lynn Chircop
50%
1992 Little child Mary Spiteri
50%
1995 Keep me in mind Mike Spiteri
50%
1996 In a woman's heart Miriam Christine
50%
1991 Could it be Paul Giordimaina & Georgina
50%
1975 Singing this song Renato
50%
1999 Believe 'n peace Times Three
50%
1972 L-imħabba Helen & Joseph
0%
1971 Marija l-Maltija Joe Grech
0%
1993 This time William Mangion
0%
No matching quizzes found
Score Distribution
Percent of People with Each Score
Percentile by Number Answered
Your Score History
You have not taken this quiz since the last reset